Introduction to MATLAB 7 for engineers (Record no. 218014)

000 -LEADER
fixed length control field 00972 a2200217 4500
003 - CONTROL NUMBER IDENTIFIER
control field Nust
005 - DATE AND TIME OF LATEST TRANSACTION
control field 20221019163117.0
020 ## - INTERNATIONAL STANDARD BOOK NUMBER
International Standard Book Number 0-07-123262-1 (hft.) :
035 ## - SYSTEM CONTROL NUMBER
System control number (Uk)0071232621
040 ## - CATALOGING SOURCE
Transcribing agency Nust
082 04 - DEWEY DECIMAL CLASSIFICATION NUMBER
Classification number 620.00151,PAL
100 1# - MAIN ENTRY--PERSONAL NAME
Personal name Palm, William J.
9 (RLIN) 59602
245 10 - TITLE STATEMENT
Title Introduction to MATLAB 7 for engineers
Statement of responsibility, etc. William J. Palm III
250 ## - EDITION STATEMENT
Edition statement Int. ed.
260 ## - PUBLICATION, DISTRIBUTION, ETC.
Place of publication, distribution, etc. Boston :
Name of publisher, distributor, etc. McGraw-Hill,
Date of publication, distribution, etc. 2005
300 ## - PHYSICAL DESCRIPTION
Extent xiii, 682 s. :
Other physical details ill.
505 ## - FORMATTED CONTENTS NOTE
Formatted contents note An Overview of Matlab (Page-3), Numeric Cell and Structure Arrays (Page-69), Functions and Files (Page-141), Programming with Matlab (Page-183), Advanced Ploting and Model Building (Page-259), Linear Algebric Equations (Page-359), Probability and Statistics and Interpolation (Page-417), Numercial Calculus and Differential Equations (Page-465), Symbolic Processing with Matlab (Page-585).
650 #7 - SUBJECT ADDED ENTRY--TOPICAL TERM
Topical term or geographic name entry element Engineering mathematics
General subdivision Data processing.
9 (RLIN) 133
650 #7 - SUBJECT ADDED ENTRY--TOPICAL TERM
Topical term or geographic name entry element MATLAB
9 (RLIN) 94870
942 ## - ADDED ENTRY ELEMENTS (KOHA)
Source of classification or shelving scheme
Koha item type Book
Holdings
Withdrawn status Lost status Source of classification or shelving scheme Damaged status Not for loan Permanent Location Current Location Shelving location Date acquired Full call number Barcode Date last seen Price effective from Koha item type Public note
          Military College of Signals (MCS) Military College of Signals (MCS) General Stacks 12/12/2016 620.00151,PAL MCS31231 12/08/2016 12/12/2016 Book Almirah No.26, Shelf No.6
© 2023 Central Library, National University of Sciences and Technology. All Rights Reserved.